[Event "Chigorin Memorial 27th"]
[Site "St Petersburg"]
[Date "2019.10.13"]
[Round "9"]
[White "Shmoilov, Dmitry"]
[Black "Vetokhina, Sofia"]
[Result "0-1"]
[WhiteElo "1904"]
[BlackElo "1589"]
[PlyCount "41"]
[EventDate "2019.10.05"]
[EventType "swiss"]
[EventRounds "9"]
[EventCountry "RUS"]
[SourceTitle "EXT 2021"]
[Source "ChessBase"]
[SourceDate "2020.10.23"]
[SourceVersion "1"]
[SourceVersionDate "2020.10.23"]
[SourceQuality "1"]

1. d4 Nf6 2. Nf3 g6 3. Bg5 Bg7 4. e3 d6 5. Nbd2 0-0 6. Bd3 c5 7. c3 Qc7 8. 0-0 h6 9. Bh4 g5 10. Bg3 Nbd7 11. h3 a6 12. Rc1 b5 13. e4 c4 14. Bb1 e5 15. Re1 Bb7 16. Nf1 Rac8 17. N3d2 Qb6 18. dxe5 dxe5 19. Ne3 Nc5 20. Nf5 Qe6 21. f3 0-1

[Event "Chigorin Memorial 27th"]
[Site "St Petersburg"]
[Date "2019.10.12"]
[Round "8"]
[White "Bimiev, Ahmad"]
[Black "Shmoilov, Dmitry"]
[Result "1-0"]
[WhiteElo "2266"]
[BlackElo "1904"]
[PlyCount "91"]
[EventDate "2019.10.05"]
[EventType "swiss"]
[EventRounds "9"]
[EventCountry "RUS"]
[SourceTitle "EXT 2021"]
[Source "ChessBase"]
[SourceDate "2020.10.23"]
[SourceVersion "1"]
[SourceVersionDate "2020.10.23"]
[SourceQuality "1"]

1. e4 c5 2. Nf3 Nc6 3. g3 g6 4. Bg2 Bg7 5. Nc3 d6 6. h3 Rb8 7. a4 a6 8. 0-0 e6 9. d3 Nge7 10. Be3 0-0 11. d4 cxd4 12. Nxd4 Qc7 13. Qd2 Nxd4 14. Bxd4 Bxd4 15. Qxd4 e5 16. Qd2 Be6 17. Rfd1 Rfd8 18. a5 b5 19. axb6 Rxb6 20. Rdb1 Rdb8 21. Nd1 Qb7 22. Ne3 Rxb2 23. Rxb2 Qxb2 24. Rxa6 Nc8 25. Rc6 Qb4 26. Qxb4 Rxb4 27. f4 Rb7 28. Kf2 Bd7 29. Rc3 Ne7 30. Rd3 Nc8 31. f5 Kg7 32. g4 h6 33. Bf1 Rc7 34. Ra3 Ra7 35. Rb3 Bc6 36. Bd3 Ne7 37. Nc4 d5 38. Nxe5 dxe4 39. Nxc6 Nxc6 40. Bxe4 Ne5 41. fxg6 fxg6 42. Ke3 Ra6 43. Kd4 Kf6 44. c4 Rd6+ 45. Bd5 Nd7 46. h4 1-0

[Event "Chigorin Memorial 27th"]
[Site "St Petersburg"]
[Date "2019.10.08"]
[Round "4"]
[White "Nasibullin, Iskander"]
[Black "Shmoilov, Dmitry"]
[Result "1-0"]
[WhiteElo "2123"]
[BlackElo "1904"]
[PlyCount "65"]
[EventDate "2019.10.05"]
[EventType "swiss"]
[EventRounds "9"]
[EventCountry "RUS"]
[SourceTitle "EXT 2020"]
[Source "ChessBase"]
[SourceDate "2019.10.17"]
[SourceVersion "1"]
[SourceVersionDate "2019.10.17"]
[SourceQuality "1"]

1. b3 Nf6 2. Bb2 g6 3. Nf3 Bg7 4. e3 d6 5. d4 0-0 6. Bd3 e5 7. dxe5 Nfd7 8. 0-0 dxe5 9. Nbd2 Nc6 10. Bb5 Re8 11. Nc4 Qf6 12. e4 a6 13. Bxc6 Qxc6 14. Re1 b5 15. Na5 Qe6 16. Qd5 Nb6 17. Qc5 Qd6 18. Qxd6 cxd6 19. Rad1 Bf8 20. Ba3 Re6 21. Rd2 Ra7 22. Red1 Rd7 23. Kf1 h6 24. Bb4 Na8 25. a3 Nc7 26. Nc6 f6 27. Nb8 Rd8 28. Ba5 Bb7 29. Bxc7 Rc8 30. Bxd6 Bxe4 31. Bxf8 Kxf8 32. Nd7+ Ke7 33. Ne1 1-0

[Event "Chigorin Memorial 26th"]
[Site "St Petersburg"]
[Date "2018.11.04"]
[Round "9"]
[White "Leontiev, Aleksandr V"]
[Black "Shmoilov, Dmitry"]
[Result "1-0"]
[WhiteElo "2276"]
[BlackElo "1887"]
[PlyCount "51"]
[EventDate "2018.10.27"]
[EventType "swiss"]
[EventRounds "9"]
[EventCountry "RUS"]
[SourceTitle "CBM 187 Extra"]
[Source "ChessBase"]
[SourceDate "2018.11.04"]
[SourceVersion "1"]
[SourceVersionDate "2018.11.04"]
[SourceQuality "1"]

1. f4 e5 2. fxe5 d6 3. exd6 Bxd6 4. Nf3 g5 5. g3 g4 6. Nh4 Ne7 7. d4 Ng6 8. Ng2 h5 9. e4 h4 10. e5 hxg3 11. exd6 Qxd6 12. Bc4 Qb4+ 13. Nd2 gxh2 14. Qe2+ Qe7 15. Qxe7+ Kxe7 16. Nf1 Nc6 17. c3 Be6 18. Bg5+ f6 19. Bxe6 Kxe6 20. Nf4+ Kf5 21. Ng3+ Kxg5 22. Ne6+ Kh4 23. Kf2 Nf4 24. Nxf4 Kg5 25. Ne6+ Kg6 26. Kg2 1-0

[Event "Chigorin Memorial 26th"]
[Site "St Petersburg"]
[Date "2018.11.01"]
[Round "6"]
[White "Shmoilov, Dmitry"]
[Black "Lozovoi, Georgy"]
[Result "1-0"]
[WhiteElo "1887"]
[BlackElo "1315"]
[PlyCount "81"]
[EventDate "2018.10.27"]
[EventType "swiss"]
[EventRounds "9"]
[EventCountry "RUS"]
[SourceTitle "CBM 187 Extra"]
[Source "ChessBase"]
[SourceDate "2018.11.04"]
[SourceVersion "1"]
[SourceVersionDate "2018.11.04"]
[SourceQuality "1"]

1. Nf3 d5 2. g3 Nc6 3. c4 e6 4. b3 Nf6 5. Bb2 dxc4 6. bxc4 Be7 7. Bg2 0-0 8. 0-0 Nd7 9. d4 Nb6 10. Nbd2 Bf6 11. c5 Nd7 12. Nc4 b5 13. cxb6 axb6 14. Nfe5 Ndxe5 15. Nxe5 Bxe5 16. Bxc6 Ra5 17. dxe5 Qg5 18. f4 Qg4 19. Qd3 Ba6 20. Qf3 Qh3 21. Rfd1 Rc5 22. Ba3 Rc2 23. Qg2 Qxg2+ 24. Bxg2 Re8 25. Be4 Rxe2 26. Bd3 Re3 27. Bxa6 Rxa3 28. Bb7 Rb8 29. Bc6 Rc3 30. Rac1 Rxc1 31. Rxc1 g6 32. a4 Rd8 33. Rc2 Kf8 34. Kf2 Rd4 35. Ke3 Rd1 36. Bb5 Kg7 37. Rxc7 Rd8 38. Rb7 Kh6 39. Rxb6 Kh5 40. h3 Rd1 41. Be2+ 1-0

[Event "Chigorin Memorial 26th"]
[Site "St Petersburg"]
[Date "2018.10.30"]
[Round "4"]
[White "Shmoilov, Dmitry"]
[Black "Postnikov, Roman"]
[Result "0-1"]
[WhiteElo "1887"]
[BlackElo "2158"]
[PlyCount "58"]
[EventDate "2018.10.27"]
[EventType "swiss"]
[EventRounds "9"]
[EventCountry "RUS"]
[SourceTitle "CBM 187 Extra"]
[Source "ChessBase"]
[SourceDate "2018.11.04"]
[SourceVersion "1"]
[SourceVersionDate "2018.11.04"]
[SourceQuality "1"]

1. d4 d5 2. c4 e6 3. Nf3 Be7 4. g3 Nf6 5. Bg2 0-0 6. 0-0 c6 7. Qc2 Nbd7 8. Bf4 b6 9. Nbd2 Bb7 10. e4 Rc8 11. e5 Ne8 12. Rfe1 c5 13. dxc5 Nxc5 14. Rad1 Qc7 15. cxd5 Bxd5 16. Rc1 a5 17. b3 Qb7 18. Re3 Nc7 19. Nc4 Nb5 20. a4 Na3 21. Qb2 Nxa4 22. Qe2 Nxc4 23. bxc4 b5 24. Rb1 Rxc4 25. Nd2 Nc3 26. Rxc3 Rxc3 27. Rxb5 Qa6 28. Bxd5 exd5 29. Qf1 Rc1 0-1

[Event "Chigorin Memorial 26th"]
[Site "St Petersburg"]
[Date "2018.10.28"]
[Round "2"]
[White "Shmoilov, Dmitry"]
[Black "Fraiman, Dmitry"]
[Result "1-0"]
[WhiteElo "1887"]
[BlackElo "2323"]
[PlyCount "76"]
[EventDate "2018.10.27"]
[EventType "swiss"]
[EventRounds "9"]
[EventCountry "RUS"]
[SourceTitle "CBM 187 Extra"]
[Source "ChessBase"]
[SourceDate "2018.11.04"]
[SourceVersion "1"]
[SourceVersionDate "2018.11.04"]
[SourceQuality "1"]

1. d4 Nf6 2. c4 g6 3. Nc3 Bg7 4. e4 d6 5. Be2 0-0 6. Bg5 Na6 7. f4 c6 8. Qd2 Nc7 9. Bf3 Ne6 10. Bh4 Nd7 11. Nge2 c5 12. Nd5 Re8 13. e5 Nb6 14. Rc1 g5 15. Bxg5 Nxg5 16. fxg5 Nxd5 17. cxd5 cxd4 18. e6 fxe6 19. Rxc8 Rxc8 20. Bg4 Qb6 21. Bxe6+ Kh8 22. Qd3 Rf8 23. Bxc8 Qb4+ 24. Qd2 Qxd2+ 25. Kxd2 Rxc8 26. Nf4 Rc5 27. Re1 Be5 28. g3 Kg8 29. g6 Bxf4+ 30. gxf4 hxg6 31. Rxe7 b5 32. Rxa7 Rxd5 33. Kd3 Rh5 34. Rb7 Rxh2 35. Rxb5 Rf2 36. a4 Rxf4 37. a5 Rf7 38. a6 Ra7 1-0

[Event "Chigorin Memorial 25th"]
[Site "St Petersburg"]
[Date "2017.10.25"]
[Round "5"]
[White "Shmoilov, Dmitry"]
[Black "Biriukov, Oleg V"]
[Result "0-1"]
[WhiteElo "1962"]
[BlackElo "2336"]
[PlyCount "62"]
[EventDate "2017.10.21"]
[EventType "swiss"]
[EventRounds "9"]
[EventCountry "RUS"]
[SourceTitle "CBM 181 Extra"]
[Source "ChessBase"]
[SourceDate "2017.12.12"]
[SourceVersion "1"]
[SourceVersionDate "2017.12.12"]
[SourceQuality "1"]

1. d4 Nf6 2. c4 e6 3. g3 c5 4. d5 exd5 5. cxd5 d6 6. Nc3 g6 7. Nf3 Bg7 8. Bg2 0-0 9. 0-0 Re8 10. Bf4 h6 11. h3 a6 12. a4 Bf5 13. Nd2 g5 14. e4 Bxe4 15. Bxg5 hxg5 16. Ndxe4 Nxe4 17. Nxe4 f5 18. Nd2 Nd7 19. Nc4 Ne5 20. Ne3 Qd7 21. Qc2 Rf8 22. f4 gxf4 23. gxf4 Ng6 24. Rf3 Kh8 25. Kh1 Bd4 26. Nc4 Rae8 27. Bf1 Nh4 28. Rg3 Rg8 29. Qd3 Qe7 30. Rxg8+ Rxg8 31. Be2 Qg7 0-1

[Event "Chigorin Memorial 25th"]
[Site "St Petersburg"]
[Date "2017.10.24"]
[Round "4"]
[White "Shemakhanov, Danila"]
[Black "Shmoilov, Dmitry"]
[Result "1/2-1/2"]
[WhiteElo "1542"]
[BlackElo "1962"]
[PlyCount "120"]
[EventDate "2017.10.21"]
[EventType "swiss"]
[EventRounds "9"]
[EventCountry "RUS"]
[SourceTitle "CBM 181 Extra"]
[Source "ChessBase"]
[SourceDate "2017.12.12"]
[SourceVersion "1"]
[SourceVersionDate "2017.12.12"]
[SourceQuality "1"]

1. e4 c6 2. c4 d5 3. exd5 cxd5 4. cxd5 Nf6 5. Bb5+ Nbd7 6. Nc3 a6 7. Bxd7+ Bxd7 8. Qb3 e5 9. Nf3 Bd6 10. 0-0 0-0 11. Re1 e4 12. Nxe4 Nxe4 13. Rxe4 Bf5 14. Re3 Bf4 15. Re1 Re8 16. Rxe8+ Qxe8 17. d4 Bd6 18. Be3 Qb5 19. Qxb5 axb5 20. Re1 f6 21. a3 b4 22. axb4 Bxb4 23. Bd2 Bd6 24. Nh4 Bd7 25. Bc3 g5 26. Nf3 b5 27. Ne5 fxe5 28. dxe5 b4 29. Bd4 Re8 30. f3 Bb5 31. Kf2 Bb8 32. b3 Ba6 33. h4 h6 34. d6 Bc8 35. hxg5 hxg5 36. g3 Be6 37. Bc5 Bxb3 38. d7 Rd8 39. e6 Bxe6 40. Rxe6 Bc7 41. Bxb4 Rxd7 42. Re7 Bb6+ 43. Kg2 Rd5 44. Rb7 Bd8 45. Kh3 Rd4 46. Be7 Bxe7 47. Rxe7 Rd5 48. Kg4 Rb5 49. Kh5 Kf8 50. Re4 Kf7 51. Rc4 Rf5 52. Rc7+ Kf6 53. g4 Rxf3 54. Rc6+ Kg7 55. Kxg5 Ra3 56. Rc7+ Kg8 57. Kh5 Ra6 58. g5 Rb6 59. Rc5 Ra6 60. Kg4 Rb6 1/2-1/2

[Event "Chigorin Memorial 24th"]
[Site "St Petersburg"]
[Date "2016.10.15"]
[Round "1"]
[White "Ofitserian, Boris"]
[Black "Shmoilov, Dmitry"]
[Result "1-0"]
[WhiteElo "2351"]
[BlackElo "1916"]
[PlyCount "59"]
[EventDate "2016.10.15"]
[EventType "swiss"]
[EventRounds "9"]
[EventCountry "RUS"]
[SourceTitle "CBM 175 Extra"]
[Source "ChessBase"]
[SourceDate "2016.12.12"]
[SourceVersion "1"]
[SourceVersionDate "2016.12.12"]
[SourceQuality "1"]

1. d4 e6 2. c4 Nf6 3. g3 c5 4. d5 exd5 5. cxd5 d6 6. Nc3 g6 7. Bg2 Bg7 8. Nf3 0-0 9. 0-0 Re8 10. Bf4 a6 11. a4 Ne4 12. Ra3 b6 13. Re1 Ra7 14. Nxe4 Rxe4 15. Nd2 Rxf4 16. gxf4 Bxb2 17. Rb3 Bg7 18. Qb1 b5 19. axb5 axb5 20. Rxb5 Ra1 21. Rxb8 Rxb1 22. Rexb1 Bc3 23. Nc4 Kg7 24. Nb6 Qh4 25. Nxc8 Qxf4 26. e3 Qf6 27. R8b6 Be5 28. f4 Bc3 29. Nxd6 Qe7 30. Nc4 1-0

[Event "Chigorin Memorial 23rd"]
[Site "St Petersburg"]
[Date "2015.10.11"]
[Round "9"]
[White "Ivanov, Rostislav"]
[Black "Shmoilov, Dmitry"]
[Result "1/2-1/2"]
[WhiteElo "2134"]
[BlackElo "1934"]
[PlyCount "89"]
[EventDate "2015.10.03"]
[EventType "swiss"]
[EventRounds "9"]
[EventCountry "RUS"]
[SourceTitle "CBM 168 Extra"]
[Source "ChessBase"]
[SourceDate "2015.10.29"]
[SourceVersion "1"]
[SourceVersionDate "2015.10.29"]
[SourceQuality "1"]

1. e4 c6 2. d4 d5 3. e5 c5 4. c3 Nc6 5. a3 Bf5 6. Nf3 e6 7. Be2 Nge7 8. 0-0 Bg4 9. Nbd2 cxd4 10. cxd4 a5 11. h3 Bh5 12. Bb5 Qb6 13. Ba4 Qa6 14. Qb3 Nc8 15. Bxc6+ Qxc6 16. Re1 a4 17. Qc3 Na7 18. g4 Bg6 19. Qe3 Be7 20. Nf1 Qb6 21. Ng3 Nc6 22. Kg2 Na5 23. Nd2 Rc8 24. Rh1 0-0 25. h4 f6 26. f4 fxe5 27. fxe5 Rc2 28. Kh3 Nc4 29. Nxc4 dxc4 30. h5 Qc6 31. Rh2 Rxh2+ 32. Kxh2 Rf3 33. Qg1 Bh4 34. Nh1 Qe4 35. hxg6 Qd3 36. Qg2 hxg6 37. Bd2 b5 38. Be1 g5 39. Bf2 Rf4 40. Rf1 Bxf2 41. Nxf2 Qxd4 42. Kg1 Qxb2 43. Qa8+ Kh7 44. Qh1+ Kg8 45. Qa8+ 1/2-1/2

[Event "Chigorin Memorial 23rd"]
[Site "St Petersburg"]
[Date "2015.10.10"]
[Round "8"]
[White "Shmoilov, Dmitry"]
[Black "Altshul, Raffael"]
[Result "1/2-1/2"]
[WhiteElo "1934"]
[BlackElo "2130"]
[PlyCount "79"]
[EventDate "2015.10.03"]
[EventType "swiss"]
[EventRounds "9"]
[EventCountry "RUS"]
[SourceTitle "CBM 168 Extra"]
[Source "ChessBase"]
[SourceDate "2015.10.29"]
[SourceVersion "1"]
[SourceVersionDate "2015.10.29"]
[SourceQuality "1"]

1. d4 Nf6 2. c4 e6 3. g3 d5 4. Bg2 Bb4+ 5. Bd2 Bd6 6. Nf3 c6 7. Qc2 0-0 8. 0-0 Nbd7 9. Bg5 h6 10. Bxf6 Nxf6 11. Nfd2 e5 12. cxd5 cxd5 13. dxe5 Bxe5 14. Nf3 Qe7 15. Nxe5 Qxe5 16. e3 Bf5 17. Qc3 Qe6 18. Qd4 Bh3 19. Nc3 Bxg2 20. Kxg2 Rac8 21. b3 Rfd8 22. Rac1 a6 23. Ne2 Qe4+ 24. f3 Qxd4 25. Nxd4 g6 26. Kf2 Kf8 27. Rfd1 Ke7 28. g4 h5 29. g5 Ne8 30. Ne2 Rxc1 31. Rxc1 Kd6 32. h4 Nc7 33. Rc2 Ne6 34. Ke1 Re8 35. Kd2 Rd8 36. Kd3 Nc5+ 37. Kd2 Ne6 38. Kd3 Nc5+ 39. Kd2 Ne6 40. Kd3 1/2-1/2

[Event "Chigorin Memorial 23rd"]
[Site "St Petersburg"]
[Date "2015.10.07"]
[Round "5"]
[White "Kozyakov, Andrey"]
[Black "Shmoilov, Dmitry"]
[Result "0-1"]
[WhiteElo "1628"]
[BlackElo "1934"]
[PlyCount "120"]
[EventDate "2015.10.03"]
[EventType "swiss"]
[EventRounds "9"]
[EventCountry "RUS"]
[SourceTitle "CBM 168 Extra"]
[Source "ChessBase"]
[SourceDate "2015.10.29"]
[SourceVersion "1"]
[SourceVersionDate "2015.10.29"]
[SourceQuality "1"]

1. e4 c6 2. d4 d5 3. Nc3 dxe4 4. Nxe4 Nf6 5. Nxf6+ gxf6 6. Bf4 Bf5 7. Nf3 e6 8. c3 Bd6 9. Bxd6 Qxd6 10. Bd3 Bg4 11. h3 Bh5 12. g4 Bg6 13. Qd2 Nd7 14. 0-0-0 0-0-0 15. Bxg6 hxg6 16. Qe3 Nb6 17. Nd2 Qd5 18. b3 Qa5 19. Kb2 Nd5 20. Qg3 g5 21. Nc4 Qc7 22. Qxc7+ Kxc7 23. Rde1 Rh4 24. Nd2 Rdh8 25. Ne4 Rxh3 26. Rxh3 Rxh3 27. c4 Nf4 28. Kc2 Rh6 29. a4 a5 30. c5 Rh2 31. Rf1 Nd5 32. Kd3 Rh3+ 33. f3 Rh2 34. Nd6 Rb2 35. Nxf7 Rxb3+ 36. Ke2 Nf4+ 37. Kd2 Rd3+ 38. Kc2 Rxd4 39. Kb3 Rb4+ 40. Ka3 Rc4 41. Rh1 Rxc5 42. Rh7 Kb8 43. Nd6 b5 44. Rb7+ Ka8 45. axb5 cxb5 46. Rxb5 Rxb5 47. Nxb5 Kb7 48. Ka4 Kb6 49. Nd6 Nd3 50. Nc4+ Kc5 51. Nd2 Nb2+ 52. Kb3 Kd4 53. Kxb2 Ke3 54. Kc2 f5 55. Nc4+ Kxf3 56. gxf5 exf5 57. Ne5+ Ke2 58. Nc6 f4 59. Nd4+ Ke3 60. Nf5+ Kf2 0-1

[Event "Chigorin Memorial 23rd"]
[Site "St Petersburg"]
[Date "2015.10.05"]
[Round "3"]
[White "Ismagilov, Damir"]
[Black "Shmoilov, Dmitry"]
[Result "0-1"]
[WhiteElo "1753"]
[BlackElo "1934"]
[PlyCount "148"]
[EventDate "2015.10.03"]
[EventType "swiss"]
[EventRounds "9"]
[EventCountry "RUS"]
[SourceTitle "CBM 168 Extra"]
[Source "ChessBase"]
[SourceDate "2015.10.29"]
[SourceVersion "1"]
[SourceVersionDate "2015.10.29"]
[SourceQuality "1"]

1. Nf3 d5 2. d4 Bg4 3. Ne5 Bf5 4. e3 e6 5. c4 Nd7 6. Nxd7 Qxd7 7. Nc3 Nf6 8. Bd3 Bg6 9. a3 Be7 10. Bxg6 hxg6 11. Qb3 c6 12. Bd2 Rc8 13. Rc1 Bd6 14. h3 0-0 15. Qa4 a6 16. c5 Bb8 17. Qb3 e5 18. Na4 Rce8 19. Nb6 Qf5 20. 0-0 Ne4 21. Qc2 Re7 22. Na4 exd4 23. exd4 Qc8 24. Ba5 Qf5 25. Bd2 Qh5 26. Nc3 f5 27. Rce1 Ref7 28. Qd1 Qh4 29. Nxe4 dxe4 30. Bc1 g5 31. d5 cxd5 32. Qxd5 g4 33. Qb3 gxh3 34. Qxh3 Qxh3 35. gxh3 Rd7 36. f3 Re8 37. fxe4 fxe4 38. Rd1 Rxd1 39. Rxd1 Kf7 40. Rd7+ Re7 41. Rxe7+ Kxe7 42. Bg5+ Ke6 43. Kf2 Be5 44. b3 Kd5 45. Be3 Bb2 46. Kg3 Bxa3 47. Kf4 Bxc5 48. Bxc5 Kxc5 49. Kxe4 Kb4 50. Kf5 Kxb3 51. Kg6 a5 52. Kxg7 a4 53. h4 a3 54. h5 a2 55. h6 a1Q+ 56. Kg8 Qg1+ 57. Kf7 Qf2+ 58. Kg8 Qg3+ 59. Kf7 Qf4+ 60. Kg6 Qf8 61. h7 Qh8 62. Kf5 Qxh7+ 63. Ke5 Qg6 64. Kd4 Qf5 65. Ke3 Qg4 66. Kd3 b5 67. Ke3 Kc3 68. Kf2 Qh3 69. Kg1 Kd3 70. Kf2 Ke4 71. Kg1 Kf4 72. Kf2 Qh2+ 73. Kf1 Ke3 74. Ke1 Qh1# 0-1

[Event "St Petersburg Autumn op"]
[Site "St Petersburg"]
[Date "2011.11.05"]
[Round "9"]
[White "Shmoilov, Dmitry"]
[Black "Nikitinyh, Boris Aleksandrovic"]
[Result "0-1"]
[WhiteElo "1998"]
[BlackElo "2203"]
[PlyCount "118"]
[EventDate "2011.10.28"]
[EventType "swiss"]
[EventRounds "9"]
[EventCountry "RUS"]
[SourceTitle "EXT 2013"]
[Source "ChessBase"]
[SourceDate "2012.11.22"]
[SourceVersion "1"]
[SourceVersionDate "2012.11.22"]
[SourceQuality "1"]

1. e4 c6 2. d4 d5 3. exd5 cxd5 4. c4 Nf6 5. Nc3 Nc6 6. Nf3 e6 7. c5 Be7 8. Bb5 0-0 9. 0-0 Bd7 10. Re1 Qc7 11. Bxc6 bxc6 12. Ne5 Rfc8 13. Bf4 Qd8 14. b4 Be8 15. Nd3 Nd7 16. Qg4 Nf8 17. Re3 f6 18. Rg3 Bg6 19. Re1 Qe8 20. Bd6 Bxd6 21. cxd6 Rd8 22. h4 Qf7 23. Nf4 Bf5 24. Qe2 Rxd6 25. Re3 g5 26. hxg5 fxg5 27. Rg3 h6 28. Nh5 Rad8 29. Re3 Bg6 30. Ng3 Qg7 31. Rd1 Bf7 32. Qa6 Be8 33. Na4 c5 34. Qa5 cxd4 35. Red3 Rb8 36. Nc5 Rdb6 37. Rxd4 Rb5 38. Qa3 a5 39. Qe3 Bf7 40. a3 axb4 41. Na6 Rc8 42. Rxb4 Ra5 43. Qb6 Rxa3 44. Nb8 Rac3 45. Qd6 Bg6 46. Ne2 Qc7 47. Qxc7 R3xc7 48. Rb6 Kf7 49. Nd4 Rc1 50. Rb7+ Kf6 51. Rxc1 Rxc1+ 52. Kh2 Be8 53. Na6 Rc4 54. Nf3 Bh5 55. Rb8 Ng6 56. Ne1 Ne5 57. Rb1 Bg6 58. Ra1 h5 59. g3 Be4 0-1